Calefacción y climatización

Bibliographic Details
Main Author: Cusa Ramos, Juan de
Format: Section = Libro
Language:Undetermined
Spanish
Published: Barcelona CEAC 1969
Edition:2a.ed.
Subjects:
LEADER 00482nam a2200193Ia 4500
008 240829s9999 xx 000 0 und d
040 |a BIBLIOTECA-RUPAP 697 C984 
041 |a spa 
082 |a 697 C984 
100 1 |a Cusa Ramos, Juan de 
245 1 0 |a Calefacción y climatización 
250 |a 2a.ed. 
260 |a Barcelona  |b CEAC  |c 1969 
300 |a 180 p. :il. 
650 7 |a CALEFACCION 
650 7 |b  AIRE ACONDICIONADO. I. Tít. 
942 |c BK  |2 ddc 
991 |a TEXTO 
999 |c 10207